00838 2200277 4500001002100000005001500021035002000036007000300056008004100059020001800100082001200118084002200130084002200152084002200174100002100196245014400217250001100361260003400372300002100406600002700427600002800454600003900482990001300521990001300534990001300547INLIS00000000000952120251218093229 a0010-0723000051ta251218 g 0 ind  a9786027309784 a320.959 a320.959 FAT s C.1 a320.959 FAT s C.2 a320.959 FAT s C.30 aFatahullah jurdi1 aSejarah Politik Indonesia Modern :bkajian politik,politik islam, pemerintahan,demokrasi dan civil society di indonesia /cFatahullah jurdi aCet. 1 ayogyakarta :bcalpulis,c2016 a317 hlm ;c21 cm 4aIlmu Politik,Indonesia 4aIslam-Indonesia-Politik 4aIndonesia,politik dan pemerintahan a023.2924 a023.2923 a023.2922